01399nam a2200301 a 450000500170000000800410001702000180005804000270007604100080010304400070011108200170011824501750013526001080031030000910041850400420050965000460055165000460059765000460064365000460068970000330073570000300076870000420079870000290084071000100086994200150087999900170089495201860091120161008162513.0161008b2015 ck abo||r|||| 00| 0 spa d a9789588067773 aCO-BoIAVH cCO-BoIAVH 0 aspa ack04a553.79bP95b00aPrincipios básicos para el conocimiento y monitoreo de las aguas subterráneas en Colombia : bcontenidos del taller de formación / cAna Karina Campillo [y otros 3] aBogotá, Colombia : bInstituto de Hidrología, Metereología y Estudios Ambientales - IDEAM,c2015. a177 páginas : bilustraciones a color, mapas y fotografías a color ; c20 x 20 cm. aIncluye referencias bibliográficas.26aAguas subterráneasxmonitoreozColombia26aAguas subterráneasxGestiónzColombia26aHidrogeologíaxZonificaciónzColombia24aZonificación hidrogeológicazColombia1 aCampillo, Ana Karinaeautora1 aGarzón, Claudiaeautora1 aRamírez R., Lizbeth Gisellaeautora1 aValenzuela, Miguel Angel2 aIDEAM 2ddccLIBRO c19062d19062 00102ddc40708GENERALIINV2017aBogotabBogotad2016-10-08eInstitutog39000.00l9m2oLB-553.79 P95bp039277r2023-05-19 00:00:00s2022-02-02tEj. 1w2016-10-08xDonacionyLIBRO